000 00557nam a2200181Ia 4500
001 11371
005 20260306162823.0
008 260306t2021||||xx |||||||||||||| ||spa||
041 _aESP
082 _a985.04
_bB141H
100 _aRiva Agüero, José de la,
_eAUT
245 0 _aMemorias de Pruvonena. Memorias y documentos para la historia de la independencia del Perú y causas del mal éxito que ha tenido esta :
_b(selección)
260 _c2021
300 _a325 páginas :
_c20 cm.
650 _aGEN
654 _aCHU
942 _cLIB
_dJUS
_fJUS
_2ddc
_n
999 _c11371
_d11371